000 01035cam a2200301 i 4500
999 _c57463
_d57463
001 19017190
005 20221108162510.0
008 160316s2017 mau b 001 0 eng
010 _a 2016004976
020 _a9780133594140 X
020 _a0133594149 X
020 _a9781292153599 X
041 _aeng
042 _apcc
080 _a004.6 K-98
082 0 0 _a004.6
_223
100 1 _aKurose, James F.,
_eauthor.
_98731
245 1 0 _aComputer networking :
_ba top-down approach /
_cJames F. Kurose, University of Massachusetts, Amherst, Keith W. Ross, NYU and NYU Shanghai.
250 _aSeventh edition.
264 1 _aBoston :
_bPearson,
_c[2017]
300 _axxvi, 824 pages ;
_c24 cm
650 0 _aInternet.
_98732
650 0 _aComputer networks.
_98733
653 _aკომპიუტერული მეცნიერებანი
653 _aკომპიუტერული ტექნოლოგიები
700 1 _aRoss, Keith W.,
_d1956-
_eავტორი
_98734
942 _2udc
_cBK